00831nam a22002537a 45000010005000000030006000050050017000110080041000280200018000690400029000870500017001160820011001331000028001442450035001722500041002072600033002483000056002815050007003375200134003445210018004785210019004966500029005156500033005448044FISKH20250819133621.0250819b cb ||||| |||| 00| 0 eng d a9780316110525 aFISKHbengcFISKHdFISKH aPZ7.B81618 D a791.45 aBrown, Marcd (1946–) aD.W. ride again! /cMarc Brown aThis edition first published in 1993 aCanada :bLittleBrown,c1993 a22 unnumbered pages :bcolor illustrations ;c21 cm aG  aD.W. graduates from a tricycle to her first two-wheeler and under Arthur's careful guidance learns the basics of bicycle safety. 8 a310 bLexile 8 aG bRaz-Plus  2Marc BrownaPicture book 2Bike ridingaTraining wheels